| 000 | 02100cam a2200325 i 4500 | ||
|---|---|---|---|
| 001 | 32356 | ||
| 003 | BD-RjUL | ||
| 005 | 20211209051825.0 | ||
| 008 | 140426r19761937enkc b 001 0 eng | ||
| 020 | _a0902089927 | ||
| 035 | _a(BD-RjUL)32445 | ||
| 040 |
_aDLC _cDLC _dBD-RjUL _beng |
||
| 041 | 0 | _aengfreger | |
| 082 | 0 | 0 |
_a297.09 _bGRI 1976 |
| 100 | 1 |
_aGrunebaum, Gustave E. von _q(Gustave Edmund), _d1909-1972. _998439 |
|
| 245 | 1 | 0 |
_aIslam and medieval Hellenism : _bsocial and cultural perspectives / _cGustave E. von Grunebaum ; edited with a foreword by Dunning S. Wilson ; preface by Speros Vryonis, Jr. |
| 260 |
_aLondon : _bVariorum Reprints, _c1937 [Reprinted 1976]. |
||
| 300 |
_a418 p. in various pagings : _bill. ; _c23 cm. |
||
| 490 | 0 | _aVariorum reprint ; CS48 | |
| 500 | _aIncludes original pagings. | ||
| 500 | _aReprints of articles in English, French, or German, originally published between 1937 and 1970. | ||
| 504 | _aIncludes bibliographical references and index. | ||
| 505 | 0 | _a1. Islam and Hellenism.--2. Islam.--3. The problem.--4. The structure of the Muslim town.--5. The sacred character of Islamic cities.--6. The convergence of cultural traditions in the Mediterranean area.--7. The sources of Islamic civilization.--8. The problem of cultural influence.--9. Le concept de classicisme culturel.--10. Islam.--11. Islam.--12. Parallelism, convergence, and influence in the relations of Arab and Byzantine philosophy, literature, and piety.--13. Byzantine iconoclasm and the influence of the Islamic environment.--14. Observations on the Muslim concept of evil.--15. Literature in the context of Islamic civilization.--16. Arabic poetics.--17. On the origin and early development of Arabic muzdawij poetry.--18. Greek form elements in the Arabian Nights.--19. Eine poetische Polemik zwischen Byzanz und Bagdad im 10. Jahrhundert.--20. Observations on city panegyrics in Arabic prose. | |
| 650 | 0 |
_aIslam. _998440 |
|
| 650 | 0 |
_aIslamic civilization. _998441 |
|
| 650 | 0 |
_aHellenism. _998442 |
|
| 942 |
_2ddc _cBK |
||
| 999 |
_c32356 _d32356 |
||